| 000 | 00925cab a2200337 4500 | ||
|---|---|---|---|
| 001 | ABS48801 | ||
| 008 | 090401t1993 xxu||||| |||| 00| 0 eng d | ||
| 035 | _a(Sirsi) u68584 | ||
| 041 | _aeng | ||
| 245 | _aEstates Times survey: M5 corridor | ||
| 260 | _c1993 | ||
| 350 | _a0 | ||
| 490 |
_aEstates Times _v(1194) 18 June 1993, 12-32(19) |
||
| 650 | _aAVONMOUTH | ||
| 650 | _aBIRMINGHAM | ||
| 650 | _aBRISTOL | ||
| 650 | _aCHELTENHAM | ||
| 650 | _aEXETER | ||
| 650 | _aGLOUCESTER | ||
| 650 | _aM5 CORRIDOR | ||
| 650 | _aPROPERTY-COMMERCIAL PROPERTY-OFFICE PROPERTY-OFFICE PROPERTY MARKET | ||
| 650 | _aPLYMOUTH | ||
| 650 | _aPORTBURY | ||
| 650 | _aPROPERTY-COMMERCIAL PROPERTY-RETAIL PROPERTY-RETAIL PROPERTY MARKET | ||
| 650 | _aTAUNTON | ||
| 650 | _aWELLINGTON | ||
| 650 | _aWORCESTER | ||
| 690 | _aPROPERTY-COMMERCIAL PROPERTY-COMMERCIAL PROPERTY MARKET | ||
| 942 | _n0 | ||
| 948 | _c04/03/1997 | ||
| 999 |
_c43031 _d43031 |
||